000 00613nam a22001937a 4500
999 _c172303
_d172303
005 20201110111946.0
010 _aENG-127586
020 _a9789351952770
_c350.00
035 _aEN-111118
037 _bDBAD/PUB
082 _a613.7046
100 _aBillimoria, Ayesha
245 _aRun:
_bThe Ultimate mind-body fitness guide/
_cby Ayesha BIllimore [and] Dhvani Solani
260 _aGurugram
_bHachette India
_c2019
270 _bGurugram
_a4th & 5th floor , corporate centre, plot no-94,sector-44
_e122003
300 _a161p.
_b20 cm(pbk)
500 _a
942 _2ddc
_cEN
_h613.7046
_mBAL